00627nam a2200181Ia 4500008004100000020001800041082002500059100001900084245004300103250000600146260002300152300001100175440002000186500005300206650007000259952009900329999001700428120622s9999 xx 000 0 und d a968-24-5685-1 a659.19910 D129p 1998 aDahdá, Jorge aPublicidad turística / Jorge Dahdá a2 aMéxico : Trillas a146 p. aTrillas turismo aIncluye bibliografía e índices \ reimp. 2002 a1. TURISMO \ 2. PUBLICIDAD \ 3. PROPAGANDA COMERCIAL - TURISMOÌ 00104070a01b01d2007-01-25l0o659.19910 D129P 1998p01 008251r2012-06-24w2012-06-24yLB c57136d57136